|
|
|
|
| LEADER |
00000naa2a2200000 4500 |
| 001 |
239399 |
| 005 |
20231031205440.0 |
| 035 |
|
|
|a (RuTPU)RU\TPU\book\260618
|
| 035 |
|
|
|a RU\TPU\book\260617
|
| 090 |
|
|
|a 239399
|
| 100 |
|
|
|a 20130607d1994 k y0rusy50 ca
|
| 101 |
0 |
|
|a rus
|
| 102 |
|
|
|a RU
|
| 200 |
1 |
|
|a Психологическое обоснование принципов построения модели специалиста
|f Л. И. Иванкина
|
| 463 |
|
0 |
|0 (RuTPU)RU\TPU\book\26519
|t Организационно-методические проблемы многоуровневой подготовки специалистов в техническом университете
|o тезисы докладов научно-методической конференции
|f Томский политехнический университет (ТПУ)
|v С. 21
|d 1994
|p 176 с.
|
| 610 |
1 |
|
|a труды учёных ТПУ
|
| 700 |
|
1 |
|a Иванкина
|b Л. И.
|c специалист в области философии, социологии и психологии образования
|c профессор Томского политехнического университета, доктор философских наук
|f 1956-
|g Любовь Ивановна
|2 stltpush
|3 (RuTPU)RU\TPU\pers\25426
|
| 801 |
|
1 |
|a RU
|b 63413507
|c 20130111
|
| 801 |
|
2 |
|a RU
|b 63413507
|c 20131031
|g RCR
|
| 942 |
|
|
|c BK
|